| 000 | 00487nam a2200181Ia 4500 | ||
|---|---|---|---|
| 008 | 240925s9999 xx 000 0 und d | ||
| 020 | _a9788131526613 | ||
| 082 | _a658.403 ALB | ||
| 100 | _aAlbright, S. Christian | ||
| 245 | 0 | _aBusiness Analytics: data analysis and decision making | |
| 250 | _a5th | ||
| 260 |
_aAustralia: _bCENGAGE Learning _c,2015. |
||
| 300 |
_a634p. _b0 _fOriginal |
||
| 500 | _aIncludes Index | ||
| 600 | _aManagement | ||
| 650 | _aManagement | ||
| 942 | _cBK | ||
| 999 |
_c14823 _d14823 |
||